| 000 | 01335nam a2200217 a 4500 | ||
|---|---|---|---|
| 008 | 120416s0000 ||||||||||||||||| || u | ||
| 020 | _a025602460X | ||
| 050 | _aHF 5635 Edw | ||
| 100 | _aEdwards, James Don | ||
| 245 | 1 | 0 | _aCollege accounting fundamentals |
| 250 | _aRev ed. | ||
| 260 |
_aHomewood, Ill. _bRichard D. Irwin _c1981 |
||
| 300 | _axiii, 607p. : ill | ||
| 350 | _a0.00 | ||
| 995 |
_aMAIN LIBRARY OPEN ACCESS _D0.00 _e005497 _FCBU-MAIN LIBRARY (Kitwe) _H2 _I19.60 _jHF 5635 Edw _UAVAILABLE _y005497 _ZMain Library Open Access Collection |
||
| 995 |
_aANNEX COLLECTION (Main Library) _D0.00 _e704360 _FCBU-MAIN LIBRARY (Kitwe) _H4 _I19.60 _jHF 5635 Edw _UAVAILABLE _y005501 _ZAnnex Low-Usage Collection |
||
| 995 |
_aANNEX COLLECTION (Main Library) _D0.00 _e709465 _FCBU-MAIN LIBRARY (Kitwe) _H6 _I19.60 _jHF 5635 Edw _UAVAILABLE _y005498 _ZAnnex Low-Usage Collection |
||
| 995 |
_aANNEX COLLECTION (Main Library) _D0.00 _e709464 _FCBU-MAIN LIBRARY (Kitwe) _H1 _I19.60 _jHF 5635 Edw _UAVAILABLE _y005499 _ZAnnex Low-Usage Collection |
||
| 995 |
_aANNEX COLLECTION (Main Library) _D0.00 _e709466 _FCBU-MAIN LIBRARY (Kitwe) _H5 _I19.60 _jHF 5635 Edw _UAVAILABLE _y006173 _ZAnnex Low-Usage Collection |
||
| 995 |
_aANNEX COLLECTION (Main Library) _D0.00 _e704361 _FCBU-MAIN LIBRARY (Kitwe) _H3 _I19.60 _jHF 5635 Edw _UAVAILABLE _y005500 _ZAnnex Low-Usage Collection |
||
| 999 |
_c79448 _d79448 |
||